Deadliest Plane Crashes - Statistics

General Stats
  • This quiz has been taken 54 times
  • The average score is 6 of 17
Answer Stats
Location Date Crew Passengers Ground Fatalities Answer % Correct
New York, NY, US 9/11/01 11 81 ~1600 ~1700 AA11
88%
New York, NY, US 9/11/01 9 56 ~900 ~1000 UA175
53%
Mt. Takamagahara, Ueno, Japan 8/12/85 15 509 0 520 JL123
43%
Hrabove, Donetsk, Ukraine 7/17/14 15 283 0 298 MH17
43%
Des Plaines, Illinois, US 5/25/79 13 258 2 273 AA191
40%
Ahmedabad, Gujarat, India 6/12/25 12 230 19 260 AI171
40%
Atlantic Ocean (near Cork, Ireland) 6/23/85 22 307 0 329 AI182
40%
Lockerbie, Scotland 12/21/88 16 243 11 270 PA103
35%
New York, NY, US 11/12/01 9 251 5 265 AA587
33%
Tenerife, Canary Islands 3/27/77 14/16 234/380 0 583 KL4805/PA1736
33%
Fontaine-Chaalis, Hauts-de-France, France 3/3/74 11 335 0 346 TK981
33%
Komaki, Aichi, Japan 4/26/94 15 249 0 264 CI140
28%
Sea of Japan (near Sakhalin, USSR) 9/1/83 23 246 0 269 KE007
25%
Charkhi Dadri, Haryana, India 11/12/96 23/10 289/27 0 349 SV763/KZ1907
25%
Strait of Hormuz (near Shib Deraz, Iran) 7/3/88 16 274 0 290 IR655
23%
Riyadh, Saudi Arabia 8/19/80 14 287 0 301 SV163
23%
Jeddah, Saudi Arabia 7/11/91 14 247 0 261 WT2120
8%
No matching quizzes found
Score Distribution
Percent of People with Each Score
Percentile by Number Answered
Your Score History
You have not taken this quiz